000 00797cab a2200253 4500
001 WB2811-57
008 090401t1992 xxu||||| |||| 00| 0 eng d
035 _a(Sirsi) u55889
041 _aeng
245 _aEnterprise zone property trusts
260 _c1992
350 _a0
490 _aInland Revenue Press Release
_v9 March 1992 (2)
520 _aUnit trust schemes buying property in expired enterprise zones, where the property qualifies for EZ allowances, will now come under the cover of EZPTs.
650 _aCAPITAL ALLOWANCES
650 _aENTERPRISE ZONE ALLOWANCES
650 _aENTERPRISE ZONE PROPERTY TRUSTS
650 _aENTERPRISE ZONES
650 _aUNAUTHORISED UNIT TRUSTS
650 _aUNIT TRUSTS
690 _aTAXATION
942 _n0
948 _c04/03/1997
999 _c34157
_d34157